| 000 | 00905cam a2200205 4500 | ||
|---|---|---|---|
| 005 | 20250908104110.0 | ||
| 008 | 250704b ag |||||||| |||| 00| 0 spa d | ||
| 020 | _a9505086431 | ||
| 050 | 0 | 4 |
_aKHA518 _bM59 2004 |
| 100 | 1 | _aMizrahi, Mauricio Luis | |
| 245 | 1 | 0 |
_aIdentidad filiatoria y pruebas biológicas _b : Derecho a conocer la identidad genética, Indicio en contra de la parte renuente a la pericia, Compulsión para realizar las pruebas biológicas, Recaudos para los exámenes de ADN, Alcance probatorio, Falibilidad del resultado _c / Mauricio Luis Mizrahi |
| 250 | _a1a ed. | ||
| 260 |
_aBuenos Aires : _bAstrea de Alfredo y Ricardo DePalma, _c2004. |
||
| 300 |
_axvi, 199 p. ; _c20 cm. |
||
| 504 | _aBibliografía : p. 193-199 | ||
| 506 | _aPifi 3.1 | ||
| 650 | 7 |
_2lemb _aPaternidad (Derecho) _zArgentina |
|
| 650 | 4 |
_2lemb _aPrueba de la paternidad _zArgentina |
|
| 942 |
_2lcc _cLIB |
||
| 999 |
_c133770 _d133770 |
||